MARC

LEADER 00000nam0a2200000 4500
001 357308
005 20231102010959.0
035 |a (RuTPU)RU\TPU\retro\14576 
090 |a 357308 
100 |a 20200804d1941 k y0rusy50 ca 
101 0 |a rus 
102 |a RU 
105 |a y z 001zy 
200 1 |a Исследование битумов ярских бурых углей Томского района  |f И. В. Геблер, К. К. Страмковская 
210 |a Томск  |c [Б. и.]  |d 1941 
215 |a 9 с. 
300 |a [Машинопись] 
316 |5 63413507: 88//722  |a На титульном листе дарственная надпись: "В ТНБиб. 25.II.41. Ю. Кузнецов" 
320 |a Библиогр.: с. 9 
606 1 |a Битумы бурого угля  |2 stltpush  |3 (RuTPU)RU\TPU\subj\33192  |9 55501 
610 1 |a Западная Сибирь 
610 1 |a Томский район 
610 1 |a бурый уголь 
610 1 |a буроугольный битум 
610 1 |a характеристики 
610 1 |a труды учёных ТПУ 
610 1 |a коллекция ТПУ 
610 1 |a дарственные надписи 
610 1 |a дары автора 
610 1 |a дары библиотеке 
675 |a 662.73  |v 4 
700 1 |a Геблер  |b И. В.  |c советский инженер-технолог  |c профессор ТПИ  |f 1885-1963  |g Иннокентий Васильевич  |2 stltpush  |3 (RuTPU)RU\TPU\pers\21860  |9 9198 
701 1 |a Страмковская  |b К. К. 
702 1 |a Кузнецов  |b Ю. А.  |c геолог, петрограф  |c профессор Томского политехнического института  |c с 1959 г. перешел на работу в Институт геологии и геофизики СО АН СССР  |f 1903-1982  |g Юрий Алексеевич  |2 stltpush  |3 (RuTPU)RU\TPU\pers\8363  |4 320 
801 1 |a RU  |b 63413507  |c 20200804 
801 2 |a RU  |b 63413507  |c 20201214  |g RCR 
942 |c BK